000 00433nam a2200181Ia 4500
001 697
005 20260306140537.0
008 260306t2002||||xx |||||||||||||| ||spa||
041 _aESP
082 _a142.3
_bLL724
100 _aLlano Cifuentes, Alejandro
_eAUT
245 0 _aFenómeno y trascendencia en Kant
260 _c2002
300 _a303 páginas :
_c24 cm.
650 _aGEN
654 _aCHU
942 _cLIB
_dJUS
_fJUS
_2ddc
_n
999 _c697
_d697